|
|
|
|
| LEADER |
00000nam a22000007a 4500 |
| 005 |
20211004221550.0 |
| 007 |
cr|||| |||| |
| 008 |
211004s2021 es |||||s|||| 00||0 spa d |
| 020 |
|
|
|a 978-84-1377-618-7
|
| 035 |
|
|
|a 35137
|
| 040 |
|
|
|a vLex
|
| 090 |
|
|
|c 12487
|d 12487
|
| 100 |
1 |
|
|a Pereira Cuadrado, Arturo
|
| 245 |
1 |
0 |
|a Polica̕ Municipal
|h [Recurso electrn̤ico] :
|b El Ayuntamiento garante de la convivencia /
|c Arturo Pereira Cuadrado
|
| 256 |
|
|
|a Servicio en ln̕ea
|
| 260 |
|
|
|a Madrid:
|b Dykinson,
|c 2021
|
| 300 |
|
|
|a 1 recurso electrn̤ico
|
| 506 |
1 |
|
|a Disponible solo en los productos indicados
|d vLex Global
|d vLex Global (Academic Edition, excluding Law Schools)
|d vLex Global (U.S. Academic Edition, Law Schools)
|d vLex Global (U.S. Academic Edition, excluding Law Schools)
|d vLex Global (Academic Edition, Law Schools)
|
| 650 |
0 |
4 |
|a Derecho Pb︢lico y Administrativo
|z Espaą
|
| 740 |
0 |
|
|a vLex Libros (Servicio en ln̕ea)
|
| 856 |
4 |
0 |
|u https://app.vlex.com/#/sources/35137
|z Acceso restringido
|
| 942 |
|
|
|c BOOK
|
| 999 |
0 |
|
|a Public and Administrative Law
|